La vida entre mareas: vegetales y animales de las costas de Mar del Plata, Argentina
Zapisane w:
| Główni autorzy: | , |
|---|---|
| Format: | Książka |
| Język: | angielski |
| Wydane: |
Mar del Plata
INIPED
2004
|
| Wydanie: | 1a. ed |
| Hasła przedmiotowe: | |
| Etykiety: |
Dodaj etykietę
Nie ma etykietki, Dołącz pierwszą etykiete!
|
MARC
| LEADER | 00000nam a2200000 a 4500 | ||
|---|---|---|---|
| 001 | UCJ2218 | ||
| 003 | CL-VaPUC | ||
| 008 | 061201e20040000AG |||||||||||||||||eng|d | ||
| 020 | |a 9872024561 | ||
| 082 | 0 | 4 | |a 577.827 |b BOS |2 21 |
| 100 | 0 | |a Boschi, Enrique E |e author |9 503148 | |
| 700 | 0 | |a Cosseau, María Berta |e author |9 503149 | |
| 245 | 1 | 3 | |a La vida entre mareas: vegetales y animales de las costas de Mar del Plata, Argentina |
| 250 | |a 1a. ed | ||
| 300 | |a 383 p | ||
| 942 | |c BK | ||
| 945 | |d 20061201 00:00:00 |a jtorresc | ||
| 260 | |a Mar del Plata |b INIPED |c 2004 | ||
| 650 | 0 | |a Biología marina |9 259965 | |
| 650 | 0 | |a Ecología marina |9 259946 | |
| 650 | 0 | |a Oceanografía |9 260014 | |
| 650 | 0 | |a Recursos marinos |9 261196 | |
| 650 | 0 | |a Fauna marina |9 261231 | |
| 650 | 7 | |a FLORA MARINA |2 CL-VaPUC |9 503150 | |
| 651 | 7 | |a MAR DEL PLATA |2 CL-VaPUC |9 483597 | |
| 651 | 0 | |a Argentina |9 254888 | |
| 583 | |a last modification |c 20061201 00:00:00 |k Rodrigo Vera | ||
| 999 | |c 318568 |d 318566 | ||
| 952 | |0 0 |1 0 |2 ddc |4 0 |6 577_827000000000000_BOS_2004 |7 0 |8 A |9 396420 |a BIBCUR |b BIBCUR |d 2019-11-22 |i 4278674 |l 1 |o 577.827 BOS 2004 |p 4278674 |r 2025-04-22 |s 2023-03-08 |w 2019-11-22 |y BK |k CIM | ||